[Event "V Trofeo Giovanni Pico"]
[Site "Mirandola ITA"]
[Date "2012.01.13"]
[Round "1"]
[White "Balzano, Filli"]
[Black "Castellari, Claudio"]
[Result "1-0"]
[WhiteElo "1865"]
[BlackElo "1540"]
[PlyCount "49"]
[EventDate "2012.01.13"]

1. e4 c5 2. c3 d6 3. d4 cxd4 4. cxd4 Nf6 5. Nc3 g6 6. Bc4 Bg7 7. Nf3 O-O 8. Bb3
b6 9. e5 dxe5 10. dxe5 Qxd1+ 11. Nxd1 Nfd7 12. Bd5 Nxe5 13. Nxe5 Bxe5 14. Bxa8
Be6 15. O-O Nd7 16. Bf3 Rc8 17. Re1 Bf6 18. Bd2 Rc2 19. Bc3 Bxc3 20. bxc3 Nc5
21. Re2 Rxe2 22. Bxe2 Ne4 23. f3 Nd6 24. Ne3 Nb5 25. Bxb5 1-0

[Event "V Trofeo Giovanni Pico"]
[Site "Mirandola ITA"]
[Date "2012.01.13"]
[Round "1"]
[White "Campini, Marco"]
[Black "Varzi, Florian"]
[Result "1-0"]
[WhiteElo "2092"]
[BlackElo "1730"]
[PlyCount "65"]
[EventDate "2012.01.13"]

1. e4 d6 2. d4 Nf6 3. Nc3 g6 4. f4 Bg7 5. Nf3 O-O 6. Bd3 Na6 7. O-O c5 8. e5
Nd7 9. Nb5 cxd4 10. exd6 exd6 11. Nxd6 Nb4 12. Ne4 b6 13. Bc4 Nc5 14. Nf2 Bb7
15. Re1 Bxf3 16. gxf3 Re8 17. Rxe8+ Qxe8 18. Bd2 Nc6 19. Qf1 Qd7 20. b4 Ne6 21.
Re1 Re8 22. Ne4 Qc7 23. Ng5 Ncd8 24. f5 gxf5 25. Bb3 h6 26. Qb5 Re7 27. Nh3 f4
28. Qf5 Nc6 29. Rxe6 fxe6 30. Bxe6+ Kh8 31. Nxf4 Ne5 32. Bd5 Qd6 33. Qc8+ 1-0

[Event "V Trofeo Giovanni Pico"]
[Site "Mirandola ITA"]
[Date "2012.01.13"]
[Round "1"]
[White "Caramaschi, Vincenzo"]
[Black "Moi, Roberto"]
[Result "0-1"]
[WhiteElo "1617"]
[BlackElo "1931"]
[PlyCount "46"]
[EventDate "2012.01.13"]

1. e4 e5 2. Nf3 Nf6 3. Bc4 Nxe4 4. d3 Nf6 5. Nxe5 d5 6. Bb3 Bd6 7. Nf3 O-O 8.
O-O Nc6 9. Bg5 Be6 10. Nc3 Be7 11. Ne2 Bg4 12. Nd2 Nd4 13. f3 Nxb3 14. axb3 Bh5
15. c3 Re8 16. b4 h6 17. Bh4 Nd7 18. Bxe7 Qxe7 19. Ng3 Bg6 20. d4 h5 21. Qb3 h4
22. Nh1 Qe3+ 23. Nf2 Qxd2 0-1

[Event "V Trofeo Giovanni Pico"]
[Site "Mirandola ITA"]
[Date "2012.01.13"]
[Round "1"]
[White "Chiarion, Elisa"]
[Black "Ollari, Luca"]
[Result "1-0"]
[WhiteElo "2003"]
[BlackElo "1697"]
[PlyCount "113"]
[EventDate "2012.01.13"]

1. e4 c5 2. Nf3 e6 3. b3 Nc6 4. c4 Nf6 5. Nc3 a6 6. Bb2 Be7 7. d4 cxd4 8. Nxd4
Qa5 9. Nxc6 bxc6 10. Qc2 Ba3 11. Bxa3 Qxa3 12. Bd3 Qa5 13. O-O O-O 14. f4 Ng4
15. Rf3 Qh5 16. h3 Qc5+ 17. Kh1 Nh6 18. e5 Nf5 19. Bxf5 exf5 20. Na4 Qb4 21. a3
Qb8 22. Qxf5 d5 23. Qd3 Rd8 24. Qe3 Qa7 25. cxd5 Qxe3 26. Rxe3 cxd5 27. Nb6 Rb8
28. Nxc8 Rbxc8 29. Rd1 Kf8 30. Red3 Rc5 31. b4 Rb5 32. Rc1 Ke7 33. Rc7+ Rd7 34.
Rc6 a5 35. f5 axb4 36. f6+ gxf6 37. exf6+ Kd8 38. axb4 Rxb4 39. Rdc3 Rb8 40.
Rg3 Rdb7 41. Rd6+ Kc7 42. Rxd5 Kc6 43. Rd2 Rb1+ 44. Kh2 R8b7 45. Rc3+ Kb6 46.
Kg3 Rb4 47. Rd5 Ka7 48. Rh5 R4b6 49. Rf3 Rb3 50. Rxh7 Rxf3+ 51. Kxf3 Kb6 52. g4
Kc6 53. g5 Rd7 54. Kg4 Kd6 55. Kf5 Kc6 56. Rxf7 Rxf7 57. g6 1-0

[Event "V Trofeo Giovanni Pico"]
[Site "Mirandola ITA"]
[Date "2012.01.13"]
[Round "1"]
[White "Cocuzzi, Edoardo"]
[Black "Fragni, Enrico"]
[Result "1-0"]
[WhiteElo "1971"]
[BlackElo "1667"]
[PlyCount "153"]
[EventDate "2012.01.13"]

1. e4 c6 2. d4 d6 3. Be3 Nd7 4. c3 e5 5. dxe5 dxe5 6. Bc4 Ngf6 7. Qb3 Qe7 8. f3
b5 9. Be2 Nc5 10. Qc2 g6 11. Nd2 Bg7 12. Nb3 Ne6 13. Nh3 O-O 14. O-O-O a5 15.
a3 a4 16. Na1 Nc5 17. Nf2 Be6 18. Bxc5 Qxc5 19. Nd3 Qd6 20. g4 Qc7 21. h4 h5
22. Nc5 Bc4 23. Bxc4 bxc4 24. g5 Qe7 25. Qf2 Ra5 26. gxf6 Bh6+ 27. Kb1 Qxc5 28.
Qxc5 Rxc5 29. Rd7 Rb5 30. Rhd1 Rfb8 31. Rd8+ Bf8 32. Rxb8 Rxb8 33. Nc2 c5 34.
Ne3 Kh7 35. Rd7 Kg8 36. Nxc4 Re8 37. Nd6 Re6 38. Nxf7 Rxf6 39. Nxe5 Re6 40. Rd5
Be7 41. Nd7 Bxh4 42. Nxc5 Rf6 43. Rd3 Rc6 44. Nxa4 Be7 45. Ka2 g5 46. Rd5 h4
47. b4 h3 48. e5 h2 49. Rd1 g4 50. fxg4 Rh6 51. Rh1 Kf7 52. Nc5 Bg5 53. Nd3 Ke6
54. Kb3 Kd5 55. Rd1 h1=Q 56. c4+ Kc6 57. Rxh1 Rxh1 58. b5+ Kb6 59. a4 Rh3 60.
c5+ Ka5 61. Kc4 Rg3 62. b6 Rxg4+ 63. Kd5 Ka6 64. a5 Bd8 65. c6 Bxb6 66. axb6
Kxb6 67. e6 Kc7 68. e7 Rg8 69. Ne5 Re8 70. Ke6 Ra8 71. Kf7 Kd6 72. e8=Q Rxe8
73. Kxe8 Kc7 74. Ke7 Kc8 75. Kd6 Kd8 76. c7+ Kc8 77. Nf7 1-0

[Event "V Trofeo Giovanni Pico"]
[Site "Mirandola ITA"]
[Date "2012.01.13"]
[Round "1"]
[White "Debernardi, Marco"]
[Black "Paoli, Walter"]
[Result "0-1"]
[WhiteElo "1701"]
[BlackElo "2058"]
[PlyCount "116"]
[EventDate "2012.01.13"]

1. e4 d5 2. exd5 Qxd5 3. Nc3 Qa5 4. d4 Nf6 5. Nf3 c6 6. Bc4 Bf5 7. O-O e6 8. a3
Bd6 9. Re1 O-O 10. Bg5 Nbd7 11. Qe2 Bg4 12. Bxf6 Nxf6 13. h3 Bh5 14. Ne4 Nxe4
15. Qxe4 Bg6 16. Qe2 b5 17. Bb3 Qb6 18. c3 a5 19. Nh4 Be7 20. Nxg6 hxg6 21. Bc2
Bf6 22. Qf3 a4 23. Rad1 Rad8 24. Be4 Rd6 25. Qe2 Rfd8 26. Rd3 Qc7 27. Red1 g5
28. g4 g6 29. Bg2 Kg7 30. Qe4 Qd7 31. R1d2 Be7 32. Rd1 f5 33. Qf3 e5 34. Qe2 e4
35. R3d2 Qe6 36. Re1 c5 37. Qxb5 cxd4 38. gxf5 gxf5 39. Rxd4 Rxd4 40. cxd4 Rxd4
41. Qe2 Qd5 42. Qc2 Bc5 43. Rc1 Bd6 44. Qc3 Be5 45. Qc6 Qb3 46. Qc2 Qd5 47. Qc6
Rd1+ 48. Bf1 Qxc6 49. Rxc6 Bxb2 50. Ra6 Bd4 51. Rxa4 Rd2 52. Kh1 Bxf2 53. Ra5
Kf6 54. a4 f4 55. Ra8 e3 56. Re8 Kf7 57. Re4 Kf6 58. Re8 Bg3 0-1

[Event "V Trofeo Giovanni Pico"]
[Site "Mirandola ITA"]
[Date "2012.01.13"]
[Round "1"]
[White "Di Trapani, Davide"]
[Black "De Simone Sorrentino, Fabio"]
[Result "1-0"]
[WhiteElo "2069"]
[BlackElo "1701"]
[PlyCount "59"]
[EventDate "2012.01.13"]

1. e4 e6 2. d4 d5 3. Nc3 Bb4 4. Nge2 dxe4 5. a3 Ba5 6. b4 Bb6 7. Nxe4 Qd5 8.
Qd3 a6 9. c4 Qd8 10. c5 Ba7 11. g3 Bd7 12. Bg2 Bc6 13. O-O Ne7 14. N2c3 Nd5 15.
Nxd5 Bxd5 16. Re1 O-O 17. Ng5 g6 18. Bxd5 exd5 19. g4 Qf6 20. Qh3 Qg7 21. Nf3
Rc8 22. Bh6 Qh8 23. Ne5 Qf6 24. Re3 Qe6 25. Rae1 Nc6 26. Nxc6 Qxc6 27. Qf3 Re8
28. Rxe8+ Rxe8 29. Rxe8+ Qxe8 30. Qf6 1-0

[Event "V Trofeo Giovanni Pico"]
[Site "Mirandola ITA"]
[Date "2012.01.13"]
[Round "1"]
[White "Di Trapani, Luigi"]
[Black "Sacchetti, Andrea"]
[Result "1-0"]
[WhiteElo "1556"]
[BlackElo "1873"]
[PlyCount "74"]
[EventDate "2012.01.13"]

1. d4 d5 2. Nf3 Nf6 3. e3 e6 4. Bd3 Be7 5. O-O O-O 6. Nbd2 Nbd7 7. c4 c5 8. b3
Re8 9. Bb2 b6 10. e4 dxe4 11. Nxe4 Bb7 12. Re1 cxd4 13. Bxd4 Nxe4 14. Bxe4 Bxe4
15. Rxe4 Nc5 16. Rg4 f6 17. Qc2 e5 18. Be3 Qd3 19. Qxd3 Nxd3 20. Nh4 Kh8 21.
Nf5 Bf8 22. Rd1 Rad8 23. Kf1 Nb4 24. Rxd8 Rxd8 25. Ke2 Nxa2 26. Bd2 Rd7 27. Rg3
Bb4 28. Rd3 Rxd3 29. Kxd3 Bf8 30. Ke4 Nb4 31. Bxb4 Bxb4 32. Kd5 Kg8 33. Nd6
Bxd6 34. Kxd6 Kf7 35. b4 Ke8 36. Kc6 Kd8 37. Kb7 Kd7 1-0

[Event "V Trofeo Giovanni Pico"]
[Site "Mirandola ITA"]
[Date "2012.01.13"]
[Round "1"]
[White "Dobboletta, Alex"]
[Black "Castelli, Antonio"]
[Result "1-0"]
[WhiteElo "1986"]
[BlackElo "1680"]
[PlyCount "41"]
[EventDate "2012.01.13"]

1. e4 e5 2. Nf3 Nf6 3. Nxe5 d6 4. Nf3 Nxe4 5. Nc3 Nxc3 6. dxc3 Nc6 7. Be3 Be7
8. Qd2 O-O 9. O-O-O a5 10. h4 Bg4 11. Be2 a4 12. Ng5 Bxe2 13. Qxe2 a3 14. b3
Ra5 15. Qd3 Bxg5 16. hxg5 g6 17. f4 f5 18. g4 Ra8 19. Qd5+ Rf7 20. Rxh7 Qd7 21.
Rdh1 1-0

[Event "V Trofeo Giovanni Pico"]
[Site "Mirandola ITA"]
[Date "2012.01.13"]
[Round "1"]
[White "Ferronato, Christian"]
[Black "Sasdelli, Massimo"]
[Result "0-1"]
[WhiteElo "1386"]
[BlackElo "1840"]
[PlyCount "72"]
[EventDate "2012.01.13"]

1. e4 e5 2. Nf3 Nc6 3. Bb5 a6 4. Ba4 Nf6 5. Qe2 b5 6. Bb3 Be7 7. c3 d6 8. O-O
O-O 9. d4 Bg4 10. h3 Bxf3 11. Qxf3 exd4 12. e5 Nxe5 13. Qg3 Nh5 14. Qh2 d3 15.
Bd1 Nf6 16. Re1 c5 17. Qg3 Ne8 18. Rxe5 dxe5 19. Qxe5 Qd6 20. Qe1 Nf6 21. Bf3
Rae8 22. Be3 Bd8 23. Nd2 Bc7 24. Nf1 Nd5 25. Bxd5 Qxd5 26. Rd1 c4 27. Qd2 Re6
28. Re1 Rfe8 29. Nh2 f5 30. Nf3 f4 31. Bd4 Re2 32. Qd1 Bd8 33. Kf1 Qd6 34. b4
Bf6 35. a4 Bxd4 36. Rxe2 dxe2+ 0-1

[Event "V Trofeo Giovanni Pico"]
[Site "Mirandola ITA"]
[Date "2012.01.13"]
[Round "1"]
[White "Gilevych, Artem"]
[Black "Marani, Luca"]
[Result "1-0"]
[WhiteElo "2279"]
[BlackElo "1835"]
[PlyCount "51"]
[EventDate "2012.01.13"]

1. d4 d5 2. Nf3 Nf6 3. c4 e6 4. Nc3 b6 5. Bg5 h6 6. Bxf6 Qxf6 7. cxd5 Be7 8. e3
O-O 9. Bc4 Bb7 10. O-O Nd7 11. Bb5 Rad8 12. Bxd7 Rxd7 13. Ne5 Rxd5 14. Nxd5
Bxd5 15. e4 Bxe4 16. f3 Bd5 17. Nd7 Qf4 18. Nxf8 Kxf8 19. Qd3 Bd6 20. g3 Qg5
21. f4 Qg4 22. Rf2 c5 23. Rc1 cxd4 24. Qxd4 g5 25. b4 gxf4 26. Qf6 1-0

[Event "V Trofeo Giovanni Pico"]
[Site "Mirandola ITA"]
[Date "2012.01.13"]
[Round "1"]
[White "Guandalini, Sergio"]
[Black "Setti, Roberto"]
[Result "0-1"]
[WhiteElo "1649"]
[BlackElo "1957"]
[PlyCount "104"]
[EventDate "2012.01.13"]

1. e4 c6 2. c3 d5 3. exd5 Qxd5 4. Qf3 Nf6 5. Qxd5 cxd5 6. d4 Bf5 7. Nf3 Nc6 8.
Bb5 a6 9. Ba4 b5 10. Bb3 e6 11. h3 Bd6 12. O-O h6 13. Nh2 Kd7 14. Re1 Ne4 15.
Bc2 b4 16. Bxe4 Bxe4 17. Nd2 Bh7 18. Ndf3 f6 19. Bd2 Rhb8 20. Rac1 bxc3 21.
Bxc3 Nb4 22. Bxb4 Rxb4 23. b3 Rb7 24. Nf1 Ba3 25. Rcd1 Rc8 26. Ne3 Rbc7 27. h4
Bb4 28. Re2 Rc1 29. Kh2 Bd6+ 30. g3 Be4 31. Nd2 Rxd1 32. Nxd1 Rc2 33. f4 Bf3
34. Ne3 Rxa2 35. Rf2 Bh5 36. Kg2 Bb4 37. Nf3 Rxf2+ 38. Kxf2 Bc3 39. g4 Bf7 40.
Ke2 g6 41. Kd3 Bb4 42. g5 hxg5 43. fxg5 Ke7 44. gxf6+ Kxf6 45. Ne5 Be8 46.
N5g4+ Kg7 47. Nc2 Bb5+ 48. Ke3 Be7 49. Kf4 Bxh4 50. Ke5 Bd3 51. Nb4 Bf5 52. Ne3
Bg3# 0-1

[Event "V Trofeo Giovanni Pico"]
[Site "Mirandola ITA"]
[Date "2012.01.13"]
[Round "1"]
[White "Guaragno, Michele"]
[Black "Pomante, Sergio"]
[Result "1/2-1/2"]
[WhiteElo "1956"]
[BlackElo "1642"]
[PlyCount "104"]
[EventDate "2012.01.13"]

1. e4 c5 2. Nf3 d6 3. d4 cxd4 4. Nxd4 Nf6 5. Nc3 g6 6. Be2 Bg7 7. Be3 O-O 8.
Qd2 Nc6 9. Nb3 Bd7 10. Bh6 Rc8 11. Bxg7 Kxg7 12. O-O-O Qb6 13. f3 Rc7 14. g4
Rfc8 15. Nb5 Nb4 16. Nxc7 Rxc7 17. Bd3 Nxa2+ 18. Kb1 Nb4 19. h4 h5 20. g5 Ng8
21. Rh2 a5 22. Qf2 Qxf2 23. Rxf2 a4 24. Nd4 e5 25. Ne2 Ne7 26. c3 Nxd3 27. Rxd3
d5 28. Ng3 dxe4 29. fxe4 Bb5 30. Rdf3 Bc4 31. Nf1 Nc6 32. Nd2 Be6 33. Rd3 Na5
34. Rd6 Nc4 35. Nxc4 Rxc4 36. Re2 Rxe4 37. Rxe4 Bf5 38. Kc1 Bxe4 39. Kd2 Bc6
40. Ke3 Kf8 41. Kd3 Ke7 42. Rf6 Bh1 43. c4 Bc6 44. Kc3 Ke8 45. b4 axb3 46. Kxb3
Ke7 47. Kb4 Bg2 48. Kc5 Bh1 49. Kb4 Bc6 50. c5 Bg2 51. Kb5 Bc6+ 52. Kc4 Bh1
1/2-1/2

[Event "V Trofeo Giovanni Pico"]
[Site "Mirandola ITA"]
[Date "2012.01.13"]
[Round "1"]
[White "Malago', Federico"]
[Black "Rubbiani, Samuel"]
[Result "1-0"]
[WhiteElo "1877"]
[BlackElo "1614"]
[PlyCount "85"]
[EventDate "2012.01.13"]

1. e4 c6 2. d4 d5 3. exd5 cxd5 4. Bd3 Nc6 5. c3 e5 6. dxe5 Nxe5 7. Be2 Nf6 8.
Nf3 Nxf3+ 9. Bxf3 Be7 10. O-O O-O 11. Bg5 Be6 12. Nd2 Qd7 13. Nb3 Rac8 14. Re1
h6 15. Be3 b6 16. Bd4 Qd8 17. Qd2 Bc5 18. Rad1 Bxd4 19. Nxd4 Qd7 20. Re5 Rcd8
21. Rde1 Rfe8 22. R1e2 Re7 23. Qe1 Kf8 24. Nxe6+ fxe6 25. Rxe6 Rde8 26. Rxe7
Rxe7 27. Rxe7 Qxe7 28. Kf1 Qxe1+ 29. Kxe1 a5 30. Kd2 Ke7 31. Kd3 g5 32. g4 Nd7
33. Kd4 Nf6 34. Ke5 Ne4 35. Bxe4 dxe4 36. Kf5 Kd6 37. Kxe4 Ke6 38. a4 Kd6 39.
b4 b5 40. axb5 a4 41. Kd3 Kc7 42. c4 Kb6 43. Kc3 1-0

[Event "V Trofeo Giovanni Pico"]
[Site "Mirandola ITA"]
[Date "2012.01.13"]
[Round "1"]
[White "Mantovani, Enrico"]
[Black "Boschetti, Claudio"]
[Result "0-1"]
[WhiteElo "1810"]
[BlackElo "2142"]
[PlyCount "126"]
[EventDate "2012.01.13"]

1. d4 Nf6 2. Nf3 b5 3. Nbd2 Bb7 4. g3 e6 5. Bg2 c5 6. e3 Nc6 7. O-O Qc7 8. c4
bxc4 9. Nxc4 cxd4 10. exd4 d6 11. b3 Be7 12. Bb2 O-O 13. Rc1 Rac8 14. Re1 Rfe8
15. a3 Qb8 16. b4 Bf8 17. Qa4 Nd5 18. Na5 Nxa5 19. Qxa5 Nb6 20. Qb5 Qa8 21. Nh4
Bxg2 22. Nxg2 d5 23. Ne3 Qb7 24. Qd3 h5 25. h4 g6 26. Qb3 Bh6 27. Rc5 Nd7 28.
Rxc8 Rxc8 29. Rc1 Rxc1+ 30. Bxc1 Qc7 31. Bd2 Bg7 32. Qc3 Qb6 33. Qc8+ Nf8 34.
Nc2 Qb5 35. Be3 Qd7 36. Qxd7 Nxd7 37. a4 Nb6 38. a5 Nc4 39. Kf1 Kf8 40. Ke2 Ke8
41. Kd3 Kd7 42. Kc3 Kc6 43. Kb3 Kb5 44. Bc1 Bf6 45. Bh6 e5 46. dxe5 Bxe5 47.
Bf8 d4 48. Ne1 Bf6 49. Nd3 Nd2+ 50. Kc2 Ne4 51. Kb3 a6 52. Bc5 Nd2+ 53. Kc2 Nf3
54. Bf8 Be5 55. Kb3 Bc7 56. Be7 Nd2+ 57. Kc2 Ne4 58. Bc5 Nxc5 59. Nxc5 Bd6 60.
Nb3 Kc4 61. b5 d3+ 62. Kb2 Be5+ 63. Ka2 Kxb5 0-1

[Event "V Trofeo Giovanni Pico"]
[Site "Mirandola ITA"]
[Date "2012.01.13"]
[Round "1"]
[White "Modena, Giorgio"]
[Black "Gualtieri, Primo"]
[Result "1-0"]
[WhiteElo "1932"]
[BlackElo "1629"]
[PlyCount "25"]
[EventDate "2012.01.13"]

1. e4 e5 2. Nf3 Nc6 3. Bb5 Bc5 4. c3 Nf6 5. d3 O-O 6. O-O d6 7. h3 Bd7 8. Ba4
a6 9. Bg5 Re8 10. Nbd2 h6 11. Be3 Ne7 12. Bxc5 dxc5 13. Nxe5 1-0

[Event "V Trofeo Giovanni Pico"]
[Site "Mirandola ITA"]
[Date "2012.01.13"]
[Round "1"]
[White "Ombasic, Dzemil"]
[Black "Sagripanti, Michele"]
[Result "0-1"]
[WhiteElo "1685"]
[BlackElo "1987"]
[PlyCount "82"]
[EventDate "2012.01.13"]

1. e4 e6 2. d4 d5 3. e5 c5 4. c3 Nc6 5. Nf3 Qb6 6. a3 c4 7. Be2 Na5 8. Nbd2 Bd7
9. Rb1 Rc8 10. O-O Ne7 11. Qe1 Ba4 12. Bd1 Nb3 13. Nxb3 Bxb3 14. Bxb3 Qxb3 15.
Qd1 Qxd1 16. Rxd1 b5 17. a4 a6 18. axb5 axb5 19. Ra1 Nc6 20. Ra6 b4 21. Bd2 b3
22. Rda1 Be7 23. Ra8 Kd7 24. Rxc8 Rxc8 25. Ng5 f6 26. Nf3 Bd8 27. g4 Bc7 28.
Bf4 Rf8 29. Bg3 fxe5 30. Nxe5+ Bxe5 31. Bxe5 Nxe5 32. dxe5 Kc6 33. Re1 Rf4 34.
h3 d4 35. cxd4 Rxd4 36. Kg2 Rd2 37. Rb1 Kd5 38. Kg3 Kxe5 39. f4+ Kd4 40. f5
exf5 41. gxf5 Kd3 0-1

[Event "V Trofeo Giovanni Pico"]
[Site "Mirandola ITA"]
[Date "2012.01.13"]
[Round "1"]
[White "Pavesi, Paolo"]
[Black "Ferraguti, Francesco"]
[Result "0-1"]
[WhiteElo "1542"]
[BlackElo "1870"]
[PlyCount "62"]
[EventDate "2012.01.13"]

1. d4 d5 2. Nf3 c6 3. Bf4 Nf6 4. e3 g6 5. Bd3 Bg7 6. c3 Nbd7 7. Nbd2 h6 8. Qc2
O-O 9. e4 dxe4 10. Nxe4 Nd5 11. Bd2 Kh7 12. Neg5+ hxg5 13. Bxg6+ fxg6 14. Nxg5+
Kg8 15. Qxg6 N7f6 16. h4 Qe8 17. Qc2 Qd7 18. O-O-O Qf5 19. Qxf5 Bxf5 20. f3 Nh7
21. g4 Nxg5 22. hxg5 Bd3 23. c4 Bxc4 24. Kc2 Be2 25. Rde1 Bxf3 26. Rh4 Bxd4 27.
g6 Bf2 28. g7 Kxg7 29. Bh6+ Kg8 30. Bxf8 Bxe1 31. Rh5 Rxf8 0-1

[Event "V Trofeo Giovanni Pico"]
[Site "Mirandola ITA"]
[Date "2012.01.13"]
[Round "1"]
[White "Santamato, Luigi"]
[Black "De Palma, Fabrizio"]
[Result "0-1"]
[WhiteElo "1717"]
[BlackElo "2075"]
[PlyCount "88"]
[EventDate "2012.01.13"]

1. d4 Nf6 2. c4 Nc6 3. g3 e5 4. d5 Ne7 5. Bg2 Ng6 6. Nf3 Bc5 7. O-O O-O 8. Nc3
h6 9. e4 a5 10. Qd3 d6 11. h3 Nh7 12. Be3 Bxe3 13. Qxe3 f5 14. exf5 Bxf5 15. c5
Nf6 16. Nd2 Ne7 17. f4 exf4 18. Rxf4 Qd7 19. Kh2 Ng6 20. Rf2 Ne5 21. Qd4 Rae8
22. Nde4 Bxe4 23. Nxe4 Neg4+ 24. hxg4 Rxe4 25. Bxe4 Nxg4+ 26. Kg1 Nxf2 27. Bg2
Qg4 28. Qxg4 Nxg4 29. cxd6 cxd6 30. Re1 Ne5 31. Re2 Rc8 32. Bh3 Rc1+ 33. Kg2 g6
34. Be6+ Kg7 35. Rf2 b5 36. b3 b4 37. g4 g5 38. Re2 Nd3 39. Kf3 Rf1+ 40. Kg2
Rf4 41. Bf5 Rxf5 42. gxf5 Nf4+ 43. Kf3 Nxe2 44. Kxe2 Kf6 0-1

[Event "V Trofeo Giovanni Pico"]
[Site "Mirandola ITA"]
[Date "2012.01.13"]
[Round "1"]
[White "Solinas, Roberto"]
[Black "Vincenzi, Marco"]
[Result "1-0"]
[WhiteElo "1732"]
[BlackElo "2121"]
[PlyCount "107"]
[EventDate "2012.01.13"]

1. e4 e5 2. Nf3 Nc6 3. Bb5 a6 4. Ba4 Nf6 5. O-O b5 6. Bb3 Be7 7. c3 Nxe4 8. Re1
Nc5 9. Nxe5 Nxe5 10. Rxe5 Nxb3 11. Qxb3 O-O 12. d4 Bd6 13. Bg5 Bxe5 14. Bxd8
Bf4 15. Bh4 Re8 16. Qd1 d6 17. Nd2 Bb7 18. Bg3 Bh6 19. c4 Re7 20. cxb5 axb5 21.
a3 Rae8 22. Nf1 g6 23. b4 f5 24. f3 Re2 25. Qb3+ Kf8 26. Ra2 R2e7 27. d5 Bg7
28. Qd3 f4 29. Bxf4 Rf7 30. Bg3 Rf5 31. Re2 Rxd5 32. Rxe8+ Kxe8 33. Qe2+ Kd7
34. h3 Bc6 35. Ne3 Rd4 36. Bf2 Bh8 37. Nf5 gxf5 38. Bxd4 Bxd4+ 39. Kh1 Kc8 40.
Qe6+ Kb7 41. Qxf5 Bb2 42. Qd3 Kb6 43. g4 Bc1 44. Kg2 h6 45. h4 Bd7 46. Qd4+ Kb7
47. Qc3 Bf4 48. Qg7 Bc6 49. g5 hxg5 50. hxg5 Bc1 51. g6 d5 52. Qd4 Be8 53.
Qxd5+ c6 54. Qe6 1-0

[Event "V Trofeo Giovanni Pico"]
[Site "Mirandola ITA"]
[Date "2012.01.13"]
[Round "1"]
[White "Tazzioli, Luca"]
[Black "Gerace, Agostino"]
[Result "1-0"]
[WhiteElo "1873"]
[BlackElo "1550"]
[PlyCount "89"]
[EventDate "2012.01.13"]

1. e4 c5 2. d3 e6 3. Nf3 Nc6 4. g3 Nf6 5. Bg2 Qc7 6. O-O Be7 7. Re1 e5 8. Nbd2
O-O 9. a4 d6 10. c3 Be6 11. Ng5 Bg4 12. Qc2 h6 13. Ngf3 Be6 14. Nf1 Rab8 15.
Ne3 b5 16. axb5 Rxb5 17. c4 Ra5 18. Bd2 Rxa1 19. Rxa1 Rb8 20. Nd5 Bxd5 21. cxd5
Nb4 22. Qc4 a5 23. Bh3 Qb6 24. Kg2 Bd8 25. Nh4 Qb5 26. Qxb5 Rxb5 27. Bxb4 Rxb4
28. Nf5 Bc7 29. Kf3 Rxb2 30. Ne7+ Kf8 31. Nc6 Rb5 32. Ra3 Ke8 33. Bc8 Nd7 34.
Ba6 Rb6 35. Bc4 Nb8 36. Nxa5 Rb2 37. Nb3 Nd7 38. Ke3 Nf6 39. h3 h5 40. Nd2 g5
41. Bb3 Bb6 42. Nc4 Rxb3 43. Nxd6+ Kd7 44. Rxb3 Ba5 45. Nxf7 1-0

[Event "V Trofeo Giovanni Pico"]
[Site "Mirandola ITA"]
[Date "2012.01.13"]
[Round "1"]
[White "Traversi, Carlo"]
[Black "Gurschler, Gregor"]
[Result "1/2-1/2"]
[WhiteElo "1629"]
[BlackElo "1937"]
[PlyCount "71"]
[EventDate "2012.01.13"]

1. e4 d6 2. Nf3 Nf6 3. Nc3 g6 4. d4 Bg7 5. Be2 O-O 6. O-O c6 7. Bg5 b5 8. e5
Ne8 9. a3 Nd7 10. exd6 Nxd6 11. d5 Bb7 12. dxc6 Bxc6 13. Nd5 Bxd5 14. Qxd5 Nb6
15. Qb3 Nbc4 16. c3 h6 17. Bf4 e5 18. Bg3 Qb6 19. Qc2 Rfe8 20. Nd2 Nxd2 21.
Qxd2 Nf5 22. Bg4 Nxg3 23. hxg3 Rad8 24. Qc2 e4 25. Rad1 Rxd1 26. Rxd1 e3 27.
fxe3 Rxe3 28. Kh2 Be5 29. Bf3 h5 30. Qd2 h4 31. Qd8+ Qxd8 32. Rxd8+ Kg7 33. Rd7
Bxg3+ 34. Kh3 Kh6 35. Rxf7 Kg5 36. Rd7 1/2-1/2

[Event "V Trofeo Giovanni Pico"]
[Site "Mirandola ITA"]
[Date "2012.01.13"]
[Round "1"]
[White "Wang, Cesare"]
[Black "Niccoli, Paolo"]
[Result "0-1"]
[WhiteElo "1674"]
[BlackElo "1986"]
[PlyCount "88"]
[EventDate "2012.01.13"]

1. d4 Nf6 2. c4 c5 3. d5 b5 4. cxb5 a6 5. bxa6 Bxa6 6. Nc3 g6 7. Nf3 d6 8. e4
Bxf1 9. Kxf1 Nbd7 10. g3 Bg7 11. Kg2 O-O 12. Re1 Ng4 13. Bf4 Qa5 14. Qc2 Rfb8
15. Bd2 c4 16. h3 Nge5 17. Ne2 Qb6 18. Reb1 Nd3 19. Be3 Qa6 20. Bd4 N7e5 21.
Nxe5 Nxe5 22. Qc3 Qa5 23. f4 Qxc3 24. Bxc3 Nd3 25. Bxg7 Kxg7 26. b3 cxb3 27.
axb3 Rxa1 28. Rxa1 Rxb3 29. Ra7 Kf6 30. g4 h6 31. h4 g5 32. fxg5+ hxg5 33. h5
Ne5 34. Ng3 Nxg4 35. Nf5 Ne3+ 36. Kh2 Nxf5 37. exf5 Rb4 38. Ra3 Rh4+ 39. Rh3
Kxf5 40. Rxh4 gxh4 41. h6 Kg6 42. h7 Kxh7 43. Kh3 Kg6 44. Kxh4 Kf5 0-1

[Event "V Trofeo Giovanni Pico"]
[Site "Mirandola ITA"]
[Date "2012.01.14"]
[Round "2"]
[White "Balzano, Filli"]
[Black "Di Trapani, Davide"]
[Result "0-1"]
[WhiteElo "1865"]
[BlackElo "2069"]
[PlyCount "92"]
[EventDate "2012.01.13"]

1. e4 e5 2. Nf3 Nc6 3. Bc4 Bc5 4. c3 Nf6 5. d3 O-O 6. h3 d5 7. exd5 Nxd5 8. O-O
Nb6 9. Bb5 Bd6 10. Re1 Re8 11. Bxc6 bxc6 12. d4 exd4 13. Nxd4 Bd7 14. Rxe8+
Qxe8 15. Nd2 c5 16. N4f3 Bc6 17. Nf1 Rd8 18. Qe1 Bxf3 19. Qxe8+ Rxe8 20. gxf3
Re1 21. b3 Nd5 22. Bb2 Re2 23. Bc1 Nxc3 24. Bd2 Be5 25. Bxc3 Bxc3 26. Ng3 Rc2
27. Rd1 g6 28. Rd7 Bd4 29. Nh1 Rxa2 30. Rxc7 a5 31. Rc8+ Kg7 32. Ra8 h5 33. h4
Kf6 34. Kg2 Ke5 35. Re8+ Kd6 36. Rd8+ Kc6 37. Rf8 Rb2 38. Rxf7 Rxb3 39. Ra7 Kb6
40. Ra8 Rb2 41. Rg8 a4 42. Rxg6+ Kb5 43. Rg8 a3 44. Ra8 a2 45. f4 c4 46. f5 c3
0-1

[Event "V Trofeo Giovanni Pico"]
[Site "Mirandola ITA"]
[Date "2012.01.14"]
[Round "2"]
[White "Boschetti, Claudio"]
[Black "Modena, Giorgio"]
[Result "1-0"]
[WhiteElo "2142"]
[BlackElo "1932"]
[PlyCount "57"]
[EventDate "2012.01.13"]

1. e4 e6 2. c4 c5 3. Nc3 Nc6 4. g3 g6 5. Bg2 Bg7 6. Nge2 Nge7 7. d3 d6 8. Be3
a6 9. O-O Rb8 10. d4 cxd4 11. Nxd4 O-O 12. Rc1 Nxd4 13. Bxd4 Bxd4 14. Qxd4 Nc6
15. Qd2 Qe7 16. f4 Qc7 17. Kh1 b6 18. f5 f6 19. fxg6 hxg6 20. Nd5 exd5 21. cxd5
Qe7 22. Rxc6 Bd7 23. Rc7 Rfc8 24. Ra7 Kg7 25. Qd4 Rf8 26. Bh3 Rbd8 27. Be6 Rh8
28. Bxd7 Rxd7 29. Qxf6+ 1-0

[Event "V Trofeo Giovanni Pico"]
[Site "Mirandola ITA"]
[Date "2012.01.14"]
[Round "2"]
[White "Castellari, Claudio"]
[Black "Ombasic, Dzemil"]
[Result "1/2-1/2"]
[WhiteElo "1540"]
[BlackElo "1685"]
[PlyCount "104"]
[EventDate "2012.01.13"]

1. d4 d5 2. c4 Bf5 3. cxd5 Bxb1 4. Rxb1 Qxd5 5. a3 Nc6 6. Nf3 O-O-O 7. e3 e5 8.
Be2 exd4 9. exd4 Nxd4 10. Nxd4 Qxd4 11. Qxd4 Rxd4 12. Be3 Re4 13. O-O a6 14.
Bf3 Re8 15. Rfd1 Bd6 16. Rbc1 Kb8 17. Bc5 Bxc5 18. Rxc5 Nf6 19. h3 Re7 20. Rc4
c6 21. Rb4 Ka7 22. Rc4 Rhe8 23. a4 Re1+ 24. Rxe1 Rxe1+ 25. Kh2 Re7 26. b4 Nd7
27. Rg4 g6 28. Rh4 h5 29. Kg3 a5 30. bxa5 Ka6 31. Rb4 Nc5 32. Rc4 Re5 33. Kf4
Nd3+ 34. Kg3 Kxa5 35. Rd4 Nc5 36. Kf4 Rf5+ 37. Ke3 Nxa4 38. Rd7 Nc5 39. Rd4
Re5+ 40. Kf4 Re6 41. Kg5 b5 42. Rf4 f5 43. g4 hxg4 44. hxg4 fxg4 45. Bxg4 Rd6
46. f3 Ne6+ 47. Bxe6 Rxe6 48. Rf6 Rxf6 49. Kxf6 b4 50. f4 b3 51. Kxg6 b2 52. f5
b1=Q 1/2-1/2

[Event "V Trofeo Giovanni Pico"]
[Site "Mirandola ITA"]
[Date "2012.01.14"]
[Round "2"]
[White "Castelli, Antonio"]
[Black "Ferronato, Christian"]
[Result "1/2-1/2"]
[WhiteElo "1680"]
[BlackElo "1386"]
[PlyCount "62"]
[EventDate "2012.01.13"]

1. e4 d5 2. exd5 Qxd5 3. Nc3 Qa5 4. Nf3 Nf6 5. d4 Bg4 6. h3 Bh5 7. Be2 c6 8.
Ne5 Bxe2 9. Qxe2 e6 10. O-O Bb4 11. Ne4 Nbd7 12. Nxf6+ gxf6 13. Nd3 Qb6 14.
Nxb4 Qxb4 15. c3 Qb6 16. Bf4 Nf8 17. Rfd1 Ng6 18. Bg3 f5 19. Be5 Rg8 20. Kh1
Qd8 21. c4 Nxe5 22. dxe5 Qg5 23. Rg1 Rd8 24. Rad1 Ke7 25. Rxd8 Rxd8 26. Rd1 Rg8
27. f3 Qg3 28. Rd2 f6 29. exf6+ Kxf6 30. Rd7 Rg7 31. Rxg7 Qxg7 1/2-1/2